| 000 -CABECERA |
| fixed length control field |
00960nam a22001817a 4500 |
| 003 - IDENTIFICADOR DEL NÚMERO DE CONTROL |
| control field |
AR-CdUCM |
| 008 - DATOS DE LONGITUD FIJA--INFORMACIÓN GENERAL |
| fixed length control field |
190408b ||||| |||| 00| 0 spa d |
| 040 ## - FUENTE DE LA CATALOGACIÓN |
| Agencia/entidad que catalogó originalmente la obra |
MUNICIPALIDAD PROVINCIAL DEL CUSCO |
| Entidad que transcribió la catalogación |
BIBLIOTECA MUNICIPAL DEL CUSCO |
| 082 ## - NÚMERO DE LA CLASIFICACIÓN DECIMAL DEWEY |
| No. de Clasificación |
347.946 / |
| Notacion interna |
OR63 / 1819 |
| 245 ## - MENCIÓN DE TÍTULO |
| Título |
Ordenanzas de la ilustre universidad y casa de contratación de la M.N. y M.L. villa de Bilbao, aprobadas y confirmadas por las magestades de los D. Felipe V. en 2 de diciembre de 1737 y D. Fernando VII. en 27 de junio de 1814 / |
| 260 ## - PUBLICACIÓN, DISTRIBUCIÓN, ETC. |
| Lugar de publicación, distribución, etc. |
Madrid : |
| Nombre de la editorial, distribuidor, etc. |
Imprenta de Miguel Burgos, |
| Fecha de publicación, distribución, etc. |
1819. |
| 300 ## - DESCRIPCIÓN FÍSICA |
| Nº de Páginas Extensión |
395 paginas ; |
| Dimensiones |
30 cm. |
| 505 ## - NOTA DE CONTENIDO CON FORMATO |
| Nota de contenido formateada |
Contenido : Don Bartolome Muñoz de Torres --De contratas de comercio que se hicieron entre mercaderes y sus calidades -- De los corredores de mercaderías, cambios, seguros y fletamentos, su numero y lo que deberían ejecutar ... |
| 650 ## - PUNTO DE ACCESO ADICIONAL DE MATERIA--TÉRMINO DE MATERIA |
| Descriptor |
Europa |
| 9 (RLIN) |
1221 |
| 650 ## - PUNTO DE ACCESO ADICIONAL DE MATERIA--TÉRMINO DE MATERIA |
| Descriptor |
Reyes |
| 9 (RLIN) |
30226 |
| 942 ## - ELEMENTOS DE PUNTO DE ACCESO ADICIONAL (KOHA) |
| Fuente de clasificación |
|
| Tipo de item |
Libros-BMC |
| 945 ## - PROCESAMIENTO DE INFORMACIÓN LOCAL (OCLC) |
| Catalogador |
wnts |
| AAAA-MM-DD - Fecha de ingreso o modificacion |
2019-04-08 |